| 000 | 00458nam a2200157 i 4500 | ||
|---|---|---|---|
| 001 | 90689 | ||
| 003 | ES-MaACL | ||
| 005 | 20230906180531.0 | ||
| 007 | t| | ||
| 008 | 050124s1912 fr ||||1| fre d | ||
| 100 | 1 |
_aLeclerc du Sablon, Mathieu. _971090 |
|
| 245 | 1 | 4 |
_aLes incertitudes de la Biologie / _cM. Leclerc du Sablon. |
| 260 |
_aParĂs : _bErnest Flammarion, _c1912 ( _fHemmerlĂ©) |
||
| 300 |
_a336 p. : _bil. ; _c19 cm. |
||
| 852 |
_aES-MaACL _jF-6127 |
||
| 999 |
_c90689 _d90689 |
||